000 00530nam a22001457a 4500
008 100519t xxu||||| |||| 00| 0 eng d
020 _a978-92-5-205730-7
041 _aFr
110 _aFAO
_95353
245 _aRenforcement des systèmes nationaux de contrôle alimentaire : guide d'évaluation rapide des besoins en renforcement des capacités
260 _aRome
_bFAO
_c2007
300 _ax - 47 p.
653 _aContrôle de qualité
_aContrôle alimentaire
_aRenforcement des capacités
_aSystèmes nationaux
942 _cLIVR
999 _c47149
_d47149